[Event "23rd Porto San Giorgio Open"]
[Site "Porto San Giorgio ITA"]
[Date "2011.08.28"]
[Round "9"]
[White "Fierro Baquero,M"]
[Black "Di Donatantonio,F"]
[Result "1/2-1/2"]
[WhiteElo "2381"]
[BlackElo "2143"]

1.e4 d6 2.d4 Nf6 3.Nc3 Nbd7 4.Nf3 e5 5.Bc4 Be7 6.O-O O-O 7.Re1 c6 8.a4 Qc7
9.a5 h6 10.Ba2 Re8 11.Nh4 Nf8 12.dxe5 dxe5 13.Qf3 Be6 14.Nf5 Bxa2 15.Rxa2 Ng6
16.g3 Nh7 17.h4 Bf8 18.Rd1 Rad8 19.Be3 Bb4 20.Rda1 Ra8 21.Ra4 Bxc3 22.bxc3 Ne7
23.g4 Nxf5 24.exf5 Qd8 25.Qg3 Qd7 26.Rb4 h5 27.Rab1 b6 28.axb6 axb6 29.Rxb6 hxg4
30.Qxg4 Nf6 31.Qg5 Ne4 32.Qh5 Nf6 33.Qg5 Ne4 34.Qh5 Nf6 35.Qg5  1/2-1/2

[Event "10th Sunny Beach Open"]
[Site "Sunny Beach BUL"]
[Date "2011.08.28"]
[Round "2.38"]
[White "Mitkov,M"]
[Black "Horacek,M"]
[Result "1/2-1/2"]
[WhiteElo "2363"]
[BlackElo "2004"]

1.d4 d6 2.e4 Nf6 3.Nc3 e5 4.Nf3 Nbd7 5.Bc4 Be7 6.O-O O-O 7.Re1 c6 8.a4 h6
9.a5 Qc7 10.h3 Re8 11.Bd2 Nf8 12.d5 Ng6 13.Qc1 Bf8 14.Bb3 Bd7 15.a6 b5 16.dxc6 Bxc6
17.Nh2 Rad8 18.Ng4 Nxg4 19.hxg4 Qc8 20.f3 Ne7 21.Be3 Qa8 22.Ra5 d5 23.Nxb5 Bxb5
24.Rxb5 dxe4 25.Rb7 exf3 26.gxf3 Qc8 27.Bxa7 Qc6 28.Qe3 Qxa6 29.Qb6 Qxb6+
30.Bxb6 Rb8 31.Rxb8 Rxb8 32.Bc7 Rc8 33.Bxe5 Nc6 34.Bc3 Bc5+ 35.Kg2 Bd4 36.Bd5 Bxc3
37.bxc3 Kf8 38.Re3 Nb8 39.Kf2 Nd7 40.Ke2 Nc5 41.c4 Re8 42.Kd2 Rxe3 43.Kxe3 Ke7
44.Kd4 Ne6+ 45.Ke5 Nc5 46.Bc6 Ne6 47.Kd5 Nf4+ 48.Kc5 Ne6+ 49.Kd5 Nf4+ 50.Ke5 Ne6
51.Bd5 Nc5 52.f4 g6 53.f5 Nd7+ 54.Kd4 gxf5 55.gxf5 h5 56.c5 h4 57.Bg2 f6
58.c6 Nb6 59.Kc5 Na4+ 60.Kd5 Nc3+ 61.Kd4 Nb5+ 62.Ke3 Kd6 63.Kf4 Nd4 64.Kg4 Nxc2
65.Kxh4 Ne3 66.Be4 Nxf5+ 67.Bxf5 Kxc6  1/2-1/2

[Event "TCh-SRB Premier Men"]
[Site "Valjevo SRB"]
[Date "2011.08.28"]
[Round "2.4"]
[White "Naiditsch,A"]
[Black "Ninov,N"]
[Result "1-0"]
[WhiteElo "2706"]
[BlackElo "2518"]

1.e4 d6 2.d4 Nf6 3.Nc3 e5 4.Nge2 c6 5.h3 b5 6.a3 Nbd7 7.g4 Nb6 8.Bg2 a5 9.O-O b4
10.axb4 axb4 11.Rxa8 Nxa8 12.Na4 Ba6 13.Re1 c5 14.c3 Nd7 15.Ng3 bxc3 16.bxc3 Bb5
17.Bf1 c4 18.Nb2 Nab6 19.Be3 Be7 20.Qa1 d5 21.Nf5 O-O 22.Qa5 Bc6 23.dxe5 Bg5
24.f4 Bh4 25.Rd1 dxe4 26.Bxb6 Qb8 27.Nxc4  1-0

[Event "TCh-SRB Premier Men"]
[Site "Valjevo SRB"]
[Date "2011.08.28"]
[Round "2.1"]
[White "Benkovic,P"]
[Black "Toth,Alek"]
[Result "1-0"]
[WhiteElo "2423"]
[BlackElo "2315"]

1.d4 d6 2.e4 Nf6 3.Nc3 e5 4.Nf3 Nbd7 5.g3 g6 6.Bg2 Bg7 7.O-O O-O 8.Re1 c6
9.a4 a5 10.h3 Re8 11.Be3 Qc7 12.Nh2 Nf8 13.Qd2 Ne6 14.Nf3 Bd7 15.Rad1 Bf8
16.Qc1 Rad8 17.Qb1 Bc8 18.Qa2 Bg7 19.d5 Nf8 20.Nd2 c5 21.Nb5 Qb8 22.Nc4 b6
23.f4 Nh5 24.fxe5 Bxe5 25.Nxe5 Rxe5 26.g4 Nf6 27.Bf4 N8d7 28.Rf1 Kg7 29.Qb3 Rde8
30.Bxe5 Nxe5 31.c4 Ba6 32.Na3 Nfd7 33.Qc3 Qd8 34.Rf2 Qg5 35.Rdf1 Kg8 36.b3 Bc8
37.Nb5 Qe7 38.Qg3 h6 39.h4 g5 40.hxg5 hxg5 41.Rf5 Rf8 42.Nxd6 f6 43.Nb5 Nb8
44.d6 Qg7 45.Nc7 Nbc6 46.Rd1 Nd4 47.Rd2 Qd7 48.Nb5 Nxf5 49.exf5 Bb7 50.Nc7 Bxg2
51.Qxg2 Rc8 52.Qd5+ Nf7 53.Qe6 Rxc7 54.dxc7 Qxc7 55.Rd7 Qg3+ 56.Kf1 Qf3+
57.Ke1 Qc3+ 58.Kf2 Qc2+ 59.Qe2  1-0

[Event "TCh-SRB Premier Women"]
[Site "Valjevo SRB"]
[Date "2011.08.28"]
[Round "2.2"]
[White "Laketic,M"]
[Black "Djukic,Sa"]
[Result "0-1"]
[WhiteElo "2114"]
[BlackElo "2212"]

1.e4 d6 2.d4 Nf6 3.Nc3 e5 4.dxe5 dxe5 5.Qxd8+ Kxd8 6.Bg5 Nd7 7.f3 c6 8.Bc4 Ke8
9.Nge2 Bc5 10.Nd1 h6 11.Be3 Bb4+ 12.c3 Bc5 13.a4 a5 14.O-O Ke7 15.Ng3 g6
16.f4 Bd6 17.fxe5 Nxe5 18.Bd4 h5 19.Ne3 Rf8 20.Rad1 h4 21.Ngf5+ gxf5 22.Rxf5 Nfg4
23.Nxg4 Nxg4 24.Rg5 Bf4 25.Rxg4 Bxg4 26.Bc5+ Kf6 27.Rf1 Kg5 28.h3 Be6 29.Be7+ Kg6
30.Bd3 Be5 31.Bxh4 f6 32.Bf2 Rfd8 33.Be2 Rd2 34.Bf3 Rxb2 35.Rd1 Bb3 36.Rd7 Rb1+  0-1

[Event "23rd Schlosspark-Open"]
[Site "Wiesbaden GER"]
[Date "2011.08.28"]
[Round "6.7"]
[White "Minor,S"]
[Black "Seidel,J"]
[Result "1-0"]
[WhiteElo "2210"]
[BlackElo "2033"]

1.e4 d6 2.d4 Nf6 3.Nc3 Nbd7 4.f4 e5 5.Nf3 exd4 6.Nxd4 Nc5 7.Bd3 Be7 8.O-O c6
9.Kh1 O-O 10.Be3 Qc7 11.Qf3 Bd7 12.f5 d5 13.exd5 Nxd3 14.cxd3 cxd5 15.Rac1 Qa5
16.Nb3 Qa6 17.Nc5 Bxc5 18.Bxc5 Rfe8 19.Bd4 Rad8 20.Qg3 Bc8 21.Rf3 Qc6 22.Rcf1 a6
23.Qh4 h6 24.Rg3 Kh7 25.Rgf3 b5 26.a3 Ng8 27.Qh5 f6 28.Rg3 Re7 29.Qg6+ Kh8
30.Ne2 Qe8 31.Nf4 Red7 32.Qg4 Qf7 33.Ne6 Re8 34.Qf4 Rde7 35.Rxg7 Qxg7 36.Nxg7 Rxg7
37.Qf3 Ree7 38.h3 Rg5 39.g4 h5 40.Qf4 Reg7 41.Qb8 hxg4 42.Qxc8 Kh7 43.h4 Rh5
44.Kg2 g3 45.Rf4  1-0

[Event "23rd Schlosspark-Open"]
[Site "Wiesbaden GER"]
[Date "2011.08.28"]
[Round "7.17"]
[White "Klein,Max"]
[Black "Freundlieb,T"]
[Result "1/2-1/2"]
[WhiteElo "2006"]
[BlackElo "2095"]

1.e4 d6 2.d4 Nf6 3.Nc3 e5 4.dxe5 dxe5 5.Qxd8+ Kxd8 6.Bg5 Be6 7.Nf3 Bd6 8.Rd1 Nd7
9.a3 a6 10.Nd5 Ke8 11.Bxf6 Nxf6 12.Ng5 Bg4 13.f3 Nxd5 14.Rxd5 Bh5 15.Rd2 f6
16.Nh3 Bf7 17.Be2 Rd8 18.Nf2 Ke7 19.O-O Bc5 20.Rfd1 Rxd2 21.Rxd2 Rd8 22.Rxd8 Kxd8
23.Kf1 Ba7 24.Bd3 b5 25.b3 c6 26.Ke2 Kc7 27.Nd1 Bc5 28.b4 Bf8 29.Kd2 c5 30.c3 Kc6
31.Ne3 a5 32.Nc2 axb4 33.axb4 g6 34.g4 Bh6+ 35.Ne3 cxb4 36.cxb4 Bc4 37.Ke2 Bf8
38.Nxc4 bxc4 39.Bxc4  1/2-1/2

[Event "Maria Albulet Mem"]
[Site "Braila ROU"]
[Date "2011.08.29"]
[Round "1"]
[White "Fakhiridou,E"]
[Black "Ionescu,I"]
[Result "1/2-1/2"]
[WhiteElo "2183"]
[BlackElo "2245"]

1.e4 d6 2.d4 Nf6 3.Nc3 e5 4.Nf3 Nbd7 5.Bc4 Be7 6.O-O O-O 7.Re1 c6 8.a4 b6
9.b3 a6 10.Bg5 Bb7 11.Bd3 b5 12.Qd2 h6 13.Bh4 b4 14.Na2 c5 15.dxe5 Nxe5 16.Nxe5 dxe5
17.Bxf6 Bxf6 18.Rad1 Qb6 19.Nc1 Rad8 20.Qe2 Rd4 21.Qh5 Bg5 22.Ne2 Rxe4 23.Bxe4 Bxe4
24.h4 Bf6 25.Rc1 Rd8 26.Qg4 Qc6 27.f3 Bg6 28.c3 h5 29.Qg3 Qb6 30.Qf2 Rd2
31.cxb4 Qxb4 32.Qxc5 Qxb3 33.Rc3 Qxa4 34.Qe3 Qa2 35.Ra3 Qd5 36.Rxa6 Bxh4
37.Nc3 Qd4 38.Qxd4 exd4 39.Re8+ Kh7 40.Ne4 Rd1+ 41.Kh2 f5 42.Ree6 Bf7 43.Nc5 Bxe6
44.Nxe6 d3 45.Rd6 d2 46.f4 Re1 47.Nf8+ Kg8 48.Ng6 d1=Q 49.Rxd1 Rxd1 50.Nxh4 Rd5
51.Nf3 Kf7 52.Kg1 Ra5 53.Ng5+ Ke7 54.Kf2 Ra3 55.g3 Kd6 56.Kg2 Kd5 57.Kh3 Ra2
58.Nf3 Ke4 59.Ng5+ Ke3 60.Ne6 Ra7 61.Kh4 Re7 62.Nf8 Kf2 63.Kxh5 Kxg3 64.Kg5 Rf7
65.Ng6 Kh3 66.Nh4 Kg3 67.Nxf5+ Kf3 68.Kg6 Rf6+ 69.Kg5  1/2-1/2

[Event "XXVIII Collado Villalba Open"]
[Site "Collado Villalba ESP"]
[Date "2011.08.29"]
[Round "7"]
[White "Ortega Ruiz,J"]
[Black "Moreno Tejera,E"]
[Result "1/2-1/2"]
[WhiteElo "2248"]
[BlackElo "2264"]

1.e4 d6 2.d4 Nf6 3.Nc3 e5 4.dxe5 dxe5 5.Qxd8+ Kxd8 6.Bc4 Ke8 7.Nf3 Bd6 8.Bg5 Nbd7
9.O-O-O a6 10.Rhe1 b5 11.Bb3 Bb7 12.Nd5 Nxd5 13.Bxd5 Bxd5 14.Rxd5 Nb6 15.Rd3 f6
16.Bd2 Ke7 17.Be3 Nc4 18.Nd2 Nxe3 19.Rexe3 Bc5 20.Rf3 Rhd8 21.Rxd8 Rxd8 22.Kd1  1/2-1/2

[Event "FIDE World Cup 2011"]
[Site "Khanty-Mansiysk RUS"]
[Date "2011.08.29"]
[Round "1.2"]
[White "Efimenko,Z"]
[Black "Babula,V"]
[Result "1-0"]
[WhiteElo "2706"]
[BlackElo "2572"]

1.e4 d6 2.d4 Nf6 3.Nc3 e5 4.Nf3 Nbd7 5.g3 Be7 6.Bg2 O-O 7.O-O c6 8.a4 Rb8
9.Re1 b6 10.h3 a6 11.Nh4 g6 12.Bh6 Re8 13.Qd2 exd4 14.Qxd4 b5 15.axb5 axb5
16.Qd2 Ne5 17.b3 Nh5 18.Qe3 Be6 19.Ne2 c5 20.Rad1 Qc8 21.f4 Nc6 22.f5 Bd7
23.Nf4 Nf6 24.fxg6 Ne5 25.g7 Ra8 26.Nf5 Bxf5 27.exf5 Ra2 28.Be4 c4 29.Nd5 Nxd5
30.Rxd5 b4 31.Kg2 Qc7 32.Re2 Bf6 33.Bf4 Bxg7 34.Rb5 Nc6 35.f6 Bxf6 36.Bxh7+ Kxh7
37.Rh5+ Kg6 38.Rh6+ Kg7 39.Qxe8  1-0

[Event "Lyudmila Rudenko Mem"]
[Site "St Petersburg RUS"]
[Date "2011.08.29"]
[Round "7"]
[White "Severiukhina,Z"]
[Black "Baraeva,I"]
[Result "0-1"]
[WhiteElo "2270"]
[BlackElo "2204"]

1.e4 d6 2.d4 Nf6 3.Nc3 e5 4.Nf3 Nbd7 5.Bc4 Be7 6.O-O O-O 7.Re1 c6 8.a4 a5
9.b3 exd4 10.Nxd4 Nb6 11.Bd3 d5 12.e5 Ne8 13.Qh5 g6 14.Qh6 Ng7 15.h4 Re8
16.Nf3 Qc7 17.Ba3 Ne6 18.Bd6 Qd8 19.h5 Bxd6 20.hxg6 hxg6 21.exd6 Qf6 22.Ne2 Bd7
23.Ng3 Qf4 24.Qxf4 Nxf4 25.Bf1 Be6 26.c4 dxc4 27.bxc4 Bxc4 28.d7 Rxe1 29.Rxe1 Be6
30.Ng5 Bxd7 31.Re7 Rf8 32.N3e4 Nfd5 33.Re5 f6 34.Nxf6+ Rxf6 35.Bd3 Nxa4 36.Ne4 Re6
37.Rg5 b5 38.g3 Kg7 39.f4 Nf6  0-1

[Event "10th Sunny Beach Open"]
[Site "Sunny Beach BUL"]
[Date "2011.08.29"]
[Round "3.49"]
[White "Bielavsky,J"]
[Black "Benes,Pe2"]
[Result "0-1"]
[WhiteElo "1993"]
[BlackElo "2166"]

1.e4 d6 2.d4 Nf6 3.Nc3 c6 4.Nf3 Qa5 5.Bd2 Qc7 6.e5 dxe5 7.dxe5 Nd5 8.Bc4 e6
9.a4 Nd7 10.Qe2 Be7 11.O-O b6 12.Rfe1 Nb4 13.Bf4 Nd5 14.Bd2 Nxc3 15.Bxc3 Bb7
16.Rad1 Nc5 17.b3 O-O 18.Rd2 a6 19.Qe3 b5 20.axb5 cxb5 21.Bd3 Nxd3 22.Rxd3 b4
23.Bd4 Qc6 24.c4 a5 25.Ra1 Rfd8 26.h3 h6 27.Rdd1 a4 28.bxa4 Rxa4 29.Rxa4 Qxa4
30.Ra1 Qc6 31.Ra7 Rd7 32.Qb3 Rxd4 33.Rxb7 Qxb7 34.Nxd4 Bc5 35.Qb2 Qe4 36.Nb3 Qe1+
37.Kh2 Bxf2  0-1

[Event "10th Sunny Beach Open"]
[Site "Sunny Beach BUL"]
[Date "2011.08.29"]
[Round "3.3"]
[White "Pancevski,F"]
[Black "Rusev,K"]
[Result "1/2-1/2"]
[WhiteElo "2410"]
[BlackElo "2528"]

1.e4 d6 2.d4 Nf6 3.Nc3 e5 4.Nf3 Nbd7 5.Bc4 Be7 6.O-O O-O 7.Re1 a6 8.a4 b6
9.Ne2 Bb7 10.Ng3 Nxe4 11.Nxe4 d5 12.Bxd5 Bxd5 13.dxe5 Nxe5 14.Nxe5 Bxe4 15.Qg4 f5
16.Qe2 Bf6 17.Qc4+ Bd5 18.Qc3 Re8 19.b3 Bxg2 20.Bb2 Qd5 21.Qc4 Qxc4 22.Nxc4 Bxb2
23.Nxb2 Bf3 24.a5 bxa5 25.Nd3 Be4 26.Rxa5 g6 27.Rc5 Bxd3 28.Rxe8+ Rxe8 29.cxd3 Rb8
30.Rxc7 Rxb3 31.Ra7 Rxd3 32.Rxa6 Rd7 33.Kg2 Kg7 34.Kg3 Kh6 35.f3 Kh5 36.Ra5 Kg5
37.Rb5 Ra7 38.Rc5 Ra4 39.Rc7 h5 40.Rc2 h4+ 41.Kf2 Kf4 42.h3 g5 43.Rb2 Rc4
44.Ra2 Rb4 45.Rc2 Rb3 46.Rc4+ Ke5 47.Rc5+ Ke6 48.Rc2 Kd5 49.Rd2+ Ke5 50.Ra2 Kd4
51.Rd2+ Rd3 52.Ra2 Kc4 53.Ra4+ Kb5 54.Ra2 Kb4 55.Rc2 Rd5 56.Rc8 Rc5 57.Rb8+ Kc3
58.f4 g4 59.hxg4 fxg4 60.Rh8 Rf5 61.Rxh4 Rxf4+ 62.Kg3 Rd4 63.Rxg4 Rxg4+ 64.Kxg4  1/2-1/2

[Event "10th Sunny Beach Open"]
[Site "Sunny Beach BUL"]
[Date "2011.08.29"]
[Round "3.41"]
[White "Kaderabek,J"]
[Black "Smirnova,An"]
[Result "1-0"]
[WhiteElo "2205"]
[BlackElo "1990"]

1.d4 d6 2.e4 Nf6 3.Nc3 c6 4.f4 g6 5.Nf3 Bg7 6.Be2 O-O 7.O-O b5 8.a3 a6 9.Kh1 c5
10.dxc5 dxc5 11.Be3 Nbd7 12.e5 Ng4 13.Bg1 e6 14.Ne4 Bb7 15.Nfg5 h6 16.Bxg4 hxg5
17.Nxg5 Bd5 18.Qe1 Bh6 19.Ne4 f5 20.exf6 Nxf6 21.Bf3 Nxe4 22.Bxe4 Rxf4 23.Rxf4 Bxf4
24.Rd1 Qd7 25.Bxc5 Qc6 26.Bxd5 exd5 27.Qf2 g5 28.b4 Re8 29.g3 Be3 30.Bxe3 Rxe3
31.Qf5 d4+ 32.Kg1 Qe8 33.Qxg5+ Kh8 34.Qh4+ Kg8 35.Qg4+ Kh7 36.Rd2 Re1+ 37.Kg2 Re4
38.Qf5+ Kg8 39.Rf2 Re5 40.Qf3 Re3 41.Qd5+ Kh8 42.Qxd4+ Kg8 43.Rf4 Qe6 44.Rg4+ Kf7
45.Qg7+ Ke8 46.Qg6+ Qxg6 47.Rxg6  1-0

[Event "TCh-SRB Premier Men"]
[Site "Valjevo SRB"]
[Date "2011.08.29"]
[Round "3.5"]
[White "Miladinovic,I"]
[Black "Strikovic,A"]
[Result "0-1"]
[WhiteElo "2566"]
[BlackElo "2573"]

1.d4 d6 2.e4 Nf6 3.Nc3 e5 4.dxe5 dxe5 5.Qxd8+ Kxd8 6.f4 Bd6 7.fxe5 Bxe5 8.Bd2 Nbd7
9.Nf3 Re8 10.Nxe5 Nxe5 11.O-O-O Bg4 12.Re1 c6 13.a4 a5 14.h3 Bh5 15.Bf4 Nfd7
16.g4 Bg6 17.h4 h5 18.gxh5 Bxh5 19.Bh3 Ke7 20.Reg1 g6 21.Rg5 f6 22.Rg3 Nc5
23.Be3 b6 24.Rf1 Rad8 25.b3 Rd6 26.Rg5 Nxb3+ 27.cxb3 Rd3 28.Rxe5+ fxe5 29.Nd1 Rf8
30.Bg5+ Ke8 31.Rxf8+ Kxf8 32.Ne3 Rxb3 33.Bd7 Rd3 34.Be6 Rd4 35.Nc4 Bg4 36.Bh6+ Ke8
37.Bg8 Be2 38.Nxe5 Rxe4 39.Bf7+ Ke7 40.Bg5+ Kf8 41.Bh6+ Ke7 42.Bg5+ Kd6 43.Nxg6 Bh5
44.Nh8 Bxf7 45.Nxf7+ Ke6 46.Nd8+ Kd7 47.Nf7 Rxa4 48.Ne5+ Ke6 49.Nd3 Kf5 50.Kc2 Rc4+
51.Kb2 b5 52.Bd2 Rxh4 53.Bxa5 Ke4 54.Nc5+ Kd5 55.Nd3 Kd4 56.Ne1 Kc4 57.Nf3 Rh3
58.Nd2+ Kd5 59.Bc3 c5 60.Kc2 b4 61.Bf6 Re3 62.Bg7 Re7 63.Bh6 Rh7 64.Bg5 c4
65.Bd8 Kc5 66.Bf6 Kb5 67.Be5 Rh3 68.Bf6 Ra3 69.Ne4 Ra2+ 70.Bb2 Kc6 71.Kb1 Ra7
72.Kc2 Re7 73.Nd2 Kd5 74.Bf6 Re3 75.Bg5 Re6 76.Bd8 Ra6 77.Be7 Ra2+ 78.Kc1 Ra4
79.Kc2 Ra2+ 80.Kc1 b3 81.Bf6 Rc2+ 82.Kd1 Kc5 83.Ne4+ Kb4 84.Be7+ Ka4 85.Bf8 Kb5
86.Be7 Kc6 87.Nd2 Kd5 88.Bf6 Ke6 89.Bg7 Kf5 90.Bd4 Kf4 91.Bb6 Ke5 92.Bc5 Kd5
93.Bb6 Rc3 94.Ba5 Rd3 95.Kc1 Kc5 96.Nb1 Kd4 97.Bb6+ Ke4 98.Nd2+ Kd5 99.Nb1 c3
100.Bd8 Rh3 101.Nxc3+ Rxc3+ 102.Kb2 Rf3 103.Bc7 Kc4 104.Be5 Rf2+ 105.Kb1 Re2
106.Bg7 Kb4 107.Bf8+ Ka4 108.Bd6 Rg2 109.Be5 Kb5 110.Bf6 Re2 111.Bg7 Ka4
112.Bf8 Kb5 113.Bg7 Kc4 114.Bf6 Kb4 115.Bg7 Rf2 116.Be5 Rf5 117.Bd4 Kc4 118.Bg7 Rf2
119.Be5 b2 120.Ka2 Kd3 121.Kb1 Rf5 122.Bg7 Rb5 123.Bf6 Kc4 124.Bxb2 Kb3  0-1

[Event "1st Alghero Open"]
[Site "Alghero ITA"]
[Date "2011.08.30"]
[Round "5.8"]
[White "Borsos,B"]
[Black "Brunello,S"]
[Result "0-1"]
[WhiteElo "2253"]
[BlackElo "2552"]

1.e4 d6 2.d4 Nf6 3.Nc3 Nbd7 4.g4 h6 5.Be2 a6 6.Be3 b5 7.f3 c5 8.dxc5 dxc5
9.Nh3 Bb7 10.Nf4 g5 11.Nd3 e6 12.h4 Rg8 13.hxg5 hxg5 14.Qd2 c4 15.Nf2 Qa5
16.Ncd1 Bb4 17.c3 Be7 18.Qc1 Ne5 19.Bxg5 Qc7 20.Rh6 Nfxg4 21.Bxe7 Nxh6 22.Bg5 Qc5
23.Bxh6 Rg1+ 24.Kd2 O-O-O+ 25.Kc2 Re1  0-1

[Event "Maria Albulet Mem"]
[Site "Braila ROU"]
[Date "2011.08.30"]
[Round "2"]
[White "Sandu,Mi"]
[Black "Fakhiridou,E"]
[Result "1/2-1/2"]
[WhiteElo "2221"]
[BlackElo "2183"]

1.e4 d6 2.d4 Nf6 3.Nc3 e5 4.Nf3 Nbd7 5.Bc4 Be7 6.O-O O-O 7.Re1 c6 8.a4 b6
9.b3 a6 10.Bb2 Bb7 11.Bf1 b5 12.dxe5 dxe5 13.axb5 axb5 14.Rxa8 Bxa8 15.Bd3 Qc7
16.Ne2 Re8 17.Ng3 Bf8 18.Qd2 h6 19.h3 g6 20.Qc3 Qb6 21.Ra1 Bb7 22.Qa5 Bc5
23.Qxb6 Bxb6 24.Kf1 Nh7 25.Rd1 Nhf8 26.Be2 f6 27.b4 Ra8 28.c4 bxc4 29.Bxc4+ Kg7
30.Bb3 Ba6+ 31.Kg1 Bb5 32.Nd2 Bd8 33.Nc4 Be7 34.Nd6 Ba4 35.Ndf5+ gxf5 36.Nxf5+ Kh8
37.Bxa4 Rxa4 38.Nxe7 Rxb4 39.Ba3 Rxe4 40.Nxc6 Kg7 41.Ne7 Ra4 42.Bc1 Kf7 43.Nf5 h5
44.Be3 Kg6 45.Ne7+ Kf7 46.Nf5 Kg6  1/2-1/2

[Event "Bent Larsen ITT"]
[Site "Buenos Aires ARG"]
[Date "2011.08.30"]
[Round "9"]
[White "Sapienza,J"]
[Black "Perelman,H"]
[Result "0-1"]
[WhiteElo "2219"]
[BlackElo "2335"]

1.e4 d6 2.d4 Nf6 3.Nc3 e5 4.dxe5 dxe5 5.Qxd8+ Kxd8 6.Nf3 Bd6 7.Bc4 Ke7 8.O-O c6
9.h3 Nbd7 10.Be3 h6 11.Rad1 Bc7 12.a4 a6 13.Nh4 g6 14.b4 a5 15.Bc5+ Nxc5
16.bxc5 Nd7 17.f4 exf4 18.Ne2 Ne5 19.Bxf7 Kxf7 20.Nxf4 Kg7 21.Rd2 Rf8 22.Nhxg6 Nxg6
23.Nh5+ Kh8 24.Rf6 Rg8 25.Rf7 Be5 26.Nf6 Bxf6 27.Rxf6 Bxh3 28.gxh3 Raf8 29.Rxf8 Nxf8+  0-1

[Event "1st ASDEC Open A"]
[Site "Messina ITA"]
[Date "2011.08.30"]
[Round "3"]
[White "Tondo,S"]
[Black "Pinton,M"]
[Result "0-1"]
[WhiteElo "1920"]
[BlackElo "2016"]

1.e4 d6 2.d4 Nf6 3.Nc3 e5 4.Nf3 Nbd7 5.Bc4 Be7 6.dxe5 dxe5 7.Ng5 O-O 8.Be3 c6
9.f3 b5 10.Bb3 h6 11.Nh3 Qc7 12.Nf2 Nc5 13.O-O a5 14.a3 Nxb3 15.cxb3 Be6
16.Qc2 Rac8 17.Rac1 Qb8 18.Nd3 Nd7 19.Ne2 c5 20.Qd2 c4 21.bxc4 bxc4 22.Nf2 Nc5
23.Rc3 Rfd8 24.Qc1 Nb3 25.Qc2 Nd4 26.Qd1 Nxf3+ 27.gxf3 Rxd1 28.Rxd1 Qxb2
29.Re1 Rb8 30.Bc1 Qb6 31.Kg2 Bc5 32.Ng4 Bd4 33.Rc2 Rc8 34.h3 c3 35.Ng3 Bb3
36.Rce2 Bc4 37.Rc2 Bd3 38.Ra2 Qb3 39.Rf2 Bxf2 40.Nxf2 Bc4 41.Nf5 Kf8 42.Ng4 f6
43.Nge3 Be6 44.Kg3 Rd8 45.Nh4 Kf7 46.Nhg2 h5 47.h4 Qa4 48.Kf2 Bb3 49.Kg3 Rd3
50.Kf2 Qd4 51.Kg3 c2 52.Nf5 Qc3 53.Nfe3 Rd1  0-1

[Event "10th Sunny Beach Open"]
[Site "Sunny Beach BUL"]
[Date "2011.08.30"]
[Round "4.37"]
[White "Marinc,D"]
[Black "Thorarinsson,P"]
[Result "1/2-1/2"]
[WhiteElo "2041"]
[BlackElo "2264"]

1.d4 d6 2.e4 Nf6 3.Nc3 c6 4.a4 g6 5.f3 Bg7 6.Be3 O-O 7.Qd2 Nbd7 8.Bc4 d5
9.Bb3 dxe4 10.fxe4 e5 11.Nf3 exd4 12.Bxd4 c5 13.Be3 Ng4 14.Bg5 Qa5 15.O-O c4
16.Ba2 Nde5 17.Nd5  1/2-1/2

[Event "Richard Reti Mem"]
[Site "Trnava SVK"]
[Date "2011.08.30"]
[Round "3.12"]
[White "Kavon,Rastislav"]
[Black "Kleman,M"]
[Result "0-1"]
[WhiteElo "1870"]
[BlackElo "2218"]

1.e4 d6 2.d4 Nf6 3.Nc3 e5 4.Nf3 Nbd7 5.Bc4 Be7 6.O-O c6 7.a4 O-O 8.Re1 b6
9.Bg5 a6 10.Bxf6 Bxf6 11.d5 c5 12.Ne2 g6 13.Ng3 Bg7 14.Bd3 h5 15.c4 h4 16.Ne2 Rb8
17.Nc3 Bh6 18.Kh1 Kg7 19.h3 Nf6 20.Bf1 Nh5 21.b3 Bd7 22.Ra2 Nf4 23.Rb2 f5
24.Ng1 Qe7 25.Ra2 Rf7 26.Rb2 Qf8 27.Ra2 Kg8 28.Nge2 fxe4 29.Nxe4 Nh5 30.N2c3 Rf4
31.Kg1 Rf7 32.Rb2 Ng7 33.Be2 Nf5 34.Bg4 Qe7 35.Ra2 Qf8 36.Rb2 Qe7 37.Ra2 Rbf8
38.Rb2 Kh7 39.Ra2 Be8 40.Rb2 Bd7 41.Ra2 Nd4 42.Rb2 Bf5 43.Be2 Qd7 44.Bf1 Bf4
45.Ra2 Bh6 46.Rb2 g5 47.f3 Bxh3 48.gxh3 Nxf3+ 49.Kg2 Nxe1+ 50.Qxe1 Rxf1 51.Qxf1 Rxf1
52.Kxf1 Qxh3+  0-1

[Event "Richard Reti Mem"]
[Site "Trnava SVK"]
[Date "2011.08.30"]
[Round "3.16"]
[White "Puskas,M"]
[Black "Markuliak,M"]
[Result "1-0"]
[WhiteElo "1948"]
[BlackElo "1853"]

1.e4 d6 2.d4 Nf6 3.Nc3 Nbd7 4.Nf3 e5 5.dxe5 dxe5 6.Bc4 Bb4 7.O-O Bxc3 8.bxc3 O-O
9.Bg5 h6 10.Bh4 c6 11.Qd6 Nxe4 12.Qg6 Nef6 13.Rad1 Qc7 14.Rfe1 Nd5 15.Qg3 N7b6
16.Bb3 f6 17.Qg6 Qf7 18.Qd3 Be6 19.Bg3 Rad8 20.c4 Nb4 21.Qxd8 Rxd8 22.Rxd8+ Kh7
23.c3 Na6 24.Bc2+ g6 25.Nxe5 fxe5 26.Bxe5 Qg8 27.Red1 Nd7 28.R1xd7+  1-0

[Event "1st Alghero Open"]
[Site "Alghero ITA"]
[Date "2011.08.31"]
[Round "6.5"]
[White "Muhren,B"]
[Black "Brunello,S"]
[Result "0-1"]
[WhiteElo "2307"]
[BlackElo "2552"]

1.e4 d6 2.d4 Nf6 3.Nc3 Nbd7 4.Nf3 e5 5.Bc4 Be7 6.O-O c6 7.a4 O-O 8.a5 Qc7
9.Bg5 h6 10.Bh4 Re8 11.Bg3 Rb8 12.Qb1 exd4 13.Nxd4 Ne5 14.Bb3 Nh5 15.Nce2 Bf6
16.c3 b5 17.Nc2 Nd3 18.Nb4 Nxg3 19.Nxg3 Nxb4 20.cxb4 c5 21.bxc5 dxc5 22.Bd5 c4
23.Ra3 Be6 24.Nh5 Be5 25.f4 Bd4+ 26.Kh1 Bxd5 27.exd5 Rbd8 28.Rg3 Rxd5 29.Qd1 Qc5
30.f5 Rxf5 31.Rxf5 Qxf5 32.h3 Qf2 33.Kh2 Re1 34.Rxg7+ Bxg7 35.Qg4 Qg1+ 36.Kg3 Qe3+  0-1

[Event "US Chess League 2011"]
[Site "ICC INT"]
[Date "2011.08.31"]
[Round "1"]
[White "Williams,Justus D"]
[Black "Adithya,B"]
[Result "1-0"]
[WhiteElo "2186"]
[BlackElo "2207"]

1.e4 d6 2.d4 Nf6 3.Nc3 Nbd7 4.g3 e5 5.Nge2 Be7 6.Bg2 c6 7.a4 b6 8.O-O O-O
9.h3 a6 10.Be3 Bb7 11.g4 b5 12.Ng3 exd4 13.Qxd4 c5 14.Qd2 b4 15.Nce2 Ne5
16.b3 d5 17.f4 Ng6 18.e5 Nh4 19.exf6 Bxf6 20.Bxc5 Nxg2 21.Nd4 Ne3 22.Qxe3 Re8
23.Qd2 Rc8 24.Qxb4 h5 25.Bb6 Bxd4+ 26.Qxd4 Qh4 27.Nf5 Qf6 28.Qxf6 gxf6 29.Nd6  1-0

[Event "VII Ugra Governor's Cup"]
[Site "Khanty-Mansiysk RUS"]
[Date "2011.08.31"]
[Round "1"]
[White "Musakaev,E"]
[Black "Pavlova,N"]
[Result "1-0"]
[WhiteElo "2325"]
[BlackElo "1569"]

1.e4 d6 2.d4 Nf6 3.Nc3 e5 4.Nf3 Nbd7 5.Bc4 Be7 6.O-O O-O 7.Re1 c6 8.a4 b6
9.d5 Bb7 10.dxc6 Bxc6 11.Bg5 Nxe4 12.Nxe4 Bxe4 13.Bxe7 Bxf3 14.Qxd6 Qc8 15.gxf3 Qxc4
16.Qxd7 Rfc8 17.Rxe5 Qxc2 18.Rae1 h6 19.Ba3 Qg6+ 20.Kh1 a5 21.Rg1 Qf6 22.Rf5 Qe6
23.Qxe6 fxe6 24.Rf6  1-0

[Event "18th Graz Open"]
[Site "Graz AUT"]
[Date "2011.09.01"]
[Round "6"]
[White "Poetz,F"]
[Black "Tratar,M"]
[Result "1/2-1/2"]
[WhiteElo "2416"]
[BlackElo "2491"]

1.e4 d6 2.d4 Nf6 3.Nc3 e5 4.Nf3 Nbd7 5.Bc4 Be7 6.O-O O-O 7.Re1 c6 8.a4 a5
9.b3 Nb6 10.Bf1 exd4 11.Nxd4 d5 12.e5 Ne8 13.Qd3 g6 14.Bh6 Ng7 15.Nce2 Nd7
16.Ng3 Bg5 17.Bxg5 Qxg5 18.Nf3 Qf4 19.Qc3 Ne6 20.Ne2 Qh6 21.Ned4 Ndc5 22.Nxe6 Nxe6
23.Rad1 Re8 24.g3 Qf8 25.Qe3 Qc5 26.Qd2 Nf8 27.Nd4 Bg4 28.Be2 Bxe2 29.Rxe2 Ne6
30.Nxe6 Rxe6 31.Kg2 Rae8 32.f4 f6 33.Rde1 d4 34.exf6 Qd5+ 35.Kg1 Kf7 36.f5 Rxe2
37.fxg6+ hxg6 38.Rxe2 Rxe2 39.Qxe2 Kxf6 40.Kf2 Qc5 41.Qc4 Qe5 42.Qe2 Qc5
43.Qc4 Qe5 44.Qe2  1/2-1/2

[Event "10th Sunny Beach Open"]
[Site "Sunny Beach BUL"]
[Date "2011.09.01"]
[Round "6.42"]
[White "Hristodorescu,D"]
[Black "Horacek,M"]
[Result "1-0"]
[WhiteElo "2201"]
[BlackElo "2004"]

1.e4 d6 2.d4 Nf6 3.Nc3 e5 4.dxe5 dxe5 5.Qxd8+ Kxd8 6.Bc4 Ke8 7.f3 c6 8.Nge2 Nbd7
9.a3 a5 10.g4 Bc5 11.Ng3 Nb6 12.Bd3 Be6 13.b3 h5 14.g5 Nfd7 15.Rb1 h4 16.Nf5 Bf8
17.Nd1 Nc5 18.Nf2 Nxd3+ 19.Nxd3 Nd7 20.Bb2 Bxf5 21.exf5 f6 22.Rg1 Nc5 23.Nf2 Kf7
24.Ne4 Rd8 25.Ke2 Be7 26.Rg4 Nxe4 27.g6+ Ke8 28.fxe4 Bc5 29.Rf1 Ke7 30.Rf3 Rd7
31.Rh3 Rhd8 32.Bc3 Bxa3 33.Bxa5 b6 34.Be1 Rd1 35.Rgxh4 Rc1 36.Rh7 Rxc2+ 37.Kf1 Rd1
38.Rxg7+ Kd6 39.Rhh7 Kc5 40.Rd7 Rdc1 41.Rd3 Bb4 42.Re3 Kd4 43.Rhh3 Bd2 44.Re2  1-0

[Event "Richard Reti Mem"]
[Site "Trnava SVK"]
[Date "2011.09.01"]
[Round "5.17"]
[White "Jablonicky,Martin"]
[Black "Markuliak,M"]
[Result "1-0"]
[WhiteElo "1760"]
[BlackElo "1853"]

1.e4 d6 2.d4 Nf6 3.Nc3 Nbd7 4.f4 e5 5.f5 Be7 6.Nf3 c6 7.Bg5 Qc7 8.Qd2 Nb6
9.dxe5 dxe5 10.O-O-O Bd7 11.Bxf6 Bxf6 12.g4 h6 13.h4 O-O-O 14.Qg2 g5 15.hxg5 Bxg5+
16.Nxg5 hxg5 17.Be2 f6 18.Rh3 Rxh3 19.Qxh3 Be8 20.Qh8 Rxd1+ 21.Nxd1 Qe7 22.Ne3 Kc7
23.Bc4 Nc8 24.Nf1 Nd6 25.Bd3 b5 26.Ng3 c5 27.Nh5 Bxh5 28.gxh5 c4 29.Be2 Nxe4
30.Qa8 Nd6 31.Qxa7+ Kd8 32.Qb8+ Kd7 33.h6 Kc6 34.Qg8 Nf7 35.Bf3+ Kd6 36.h7 Qa7
37.Qf8+ Qe7 38.h8=Q Nxh8 39.Qxh8 e4 40.Qb8+ Kc5 41.Qc8+ Kd4 42.Qe6 Qg7 43.Qxe4+  1-0

[Event "TCh-SRB Premier Men"]
[Site "Valjevo SRB"]
[Date "2011.09.01"]
[Round "6.1"]
[White "Zivkovic,I"]
[Black "Strikovic,A"]
[Result "0-1"]
[WhiteElo "2367"]
[BlackElo "2573"]

1.e4 d6 2.d4 Nf6 3.Nc3 e5 4.Nf3 Nbd7 5.Bc4 Be7 6.O-O Nb6 7.Be2 exd4 8.Nxd4 O-O
9.a4 a5 10.Bf4 c6 11.Re1 Re8 12.h3 Bf8 13.Bf1 g6 14.g4 Nbd7 15.Bg2 h5 16.f3 Ne5
17.b3 hxg4 18.fxg4 Nh7 19.Qd2 Qh4 20.Qf2 Qe7 21.Nf3 Bg7 22.Re3 Nf8 23.Rd1 Ne6
24.Bg3 Nc5 25.Nd4 Bxg4 26.hxg4 Nxg4 27.Qf3 Nxe3 28.Qxe3 d5 29.Nde2 Nxe4 30.Nxe4 dxe4
31.Bd6 Qh4 32.Bg3 Qg4 33.Rf1 Qd7 34.Bh4 f5 35.Qg3 Kf7 36.Nf4 Qd6 37.Bh3 Rh8
38.b4 e3 39.Bg5 axb4 40.Qf3 Rae8 41.Rd1 Qe5 42.Rd7+ Kg8 43.Qe2 Rxh3 44.Nxh3 Qg3+
45.Qg2 Qxg2+ 46.Kxg2 e2 47.Bh4 e1=Q 48.Bxe1 Rxe1 49.Rxb7 Re2+ 50.Kf1 Rxc2
51.Nf4 g5 52.Ne6 Bf6 53.Rxb4 Kf7 54.Nc7 Be5 55.Na6 Bd6  0-1